000 00616 a2200217 4500
001 74496
005 20260210164344.0
010 _a978-989-583-870-7
090 _a74496
100 _a20260210d2025 |||u0pory50
101 _apor
102 _aPT
200 _aO caminho de volta
_fAntónio Jorge Gonçalves
210 _aLisboa
_cCompanhia das Letras
_d2025
215 _a[155] p.
_cil., banda desenhada
225 _aNão-ficção literária
_v7
675 _a821.134.3-9"19/20"
_vBN
_zpor
675 _a741.5"19/20"
_vBN
_zpor
700 _aGonçalves
_bAntónio Jorge
_f1964-
_922463
801 _aPT
_bBN
_gRPC
942 _cMON
_n0